LEADER 01070nam0-22003611i-450- 001 990001432780403321 010 $a3-540-64465-2 035 $a000143278 035 $aFED01000143278 035 $a(Aleph)000143278FED01 035 $a000143278 100 $a20000920d1998----km-y0itay50------ba 101 0 $aeng 200 1 $aContinuous strong Markov processes in dimension one$ea stochastic calculus approach$fSigurd Assing, Wolfgang M. Schmidt 210 $aBerlin$cSpringer-Verlag$dc1998 215 $ax, 135 p.$d25 cm 225 1 $aLecture Notes in Mathematics$v1688 610 0 $aProcessi di markov 610 0 $aEquazioni integrali stocastiche 676 $a519.2 700 1$aAssing,$bSigurd$061858 702 1$aSchmidt,$bWolfgang M. 801 0$aIT$bUNINA$gRICA$2UNIMARC 901 $aBK 912 $a990001432780403321 952 $aC-20-(1688$b16122$fMA1 959 $aMA1 962 $a60J25 962 $a60G44 962 $a60H20 996 $aContinuous strong Markov processes in dimension one$9261852 997 $aUNINA DB $aING01 LEADER 01951cam--2200469---450 001 990001602800203316 005 20181017090608.0 010 $a88-8303-100-8 035 $a000160280 035 $aUSA01000160280 035 $a(ALEPH)000160280USA01 035 $a000160280 100 $a20040426d2002----km-y0itay50------ba 101 $aita 102 $aIT 105 $aa|||z|||001yy 200 1 $aImago Italiae$ela Fabrica dell'Italia nella storia della cartografia tra medioevo ed età moderna$erealtà, immagine ed immaginazione dai codici di Claudio Tolomeo all'atlante di Giovanni Antonio Magini$fLuciano Lago$gcontributi di Laura Cassi ... [et al.] 210 $aTrieste$cE.U.T.$d2002 215 $a833 p.$ccarte geografiche color.$d49 cm 300 $aIn testa al frontespizio: Università degli studi di Trieste, Facoltà di scienze della formazione, Dipartimento di scienze geografiche e storiche; Associazione dei geografi italiani; Istituto geografico militare 300 $aIn custodia 300 $aEdizione di 2000 esemplari numerati 540 1 $a<> Fabrica dell'Italia nella storia della cartografia tra medioevo ed età moderna 606 0 $aCartografia$yItalia$zSec. 9.-18.$2BNCF 676 $a912.0945 700 1$aLAGO,$bLuciano$f<1937-2017>$0759170 702 1$aCASSI,$bLaura 801 0$aIT$bsalbc$gISBD 912 $a990001602800203316 951 $aFA.VII.C. 27(I A 603)$b178998 L.M.$cFA.VII.$d00128074 959 $aBK 969 $aANT 979 $aMARIA$b10$c20040426$lUSA01$h1233 979 $aCHIARA$b90$c20050411$lUSA01$h1258 979 $aCHIARA$b90$c20050411$lUSA01$h1259 979 $aANNAMARIA$b90$c20071107$lUSA01$h1235 979 $aANNAMARIA$b90$c20071207$lUSA01$h0952 979 $aANNAMARIA$b90$c20130610$lUSA01$h1625 979 $aANNAMARIA$b90$c20140723$lUSA01$h1208 979 $aANNAMARIA$b90$c20140723$lUSA01$h1242 996 $aImago Italiae$91534442 997 $aUNISA LEADER 05554nam 2200781 450 001 9910788811903321 005 20230807210956.0 010 $a3-11-037399-8 010 $a3-11-038623-2 024 7 $a10.1515/9783110373998 035 $a(CKB)3360000000515444 035 $a(EBL)1867287 035 $a(SSID)ssj0001421385 035 $a(PQKBManifestationID)12620493 035 $a(PQKBTitleCode)TC0001421385 035 $a(PQKBWorkID)11410169 035 $a(PQKB)11212328 035 $a(DE-B1597)429089 035 $a(OCoLC)979746095 035 $a(DE-B1597)9783110373998 035 $a(Au-PeEL)EBL1867287 035 $a(CaPaEBR)ebr11015805 035 $a(CaONFJC)MIL807470 035 $a(OCoLC)903955925 035 $a(MiAaPQ)EBC1867287 035 $a(EXLCZ)993360000000515444 100 $a20150212h20152015 uy 0 101 0 $ager 135 $aur|nu---|u||u 181 $ctxt 182 $cc 183 $acr 200 04$aThe metaphorical use of language in Deuterocanonical and cognate literature /$fedited by Markus Witte and Sven Behnke 205 $aIncludes a print version and an ebook 210 1$aBerlin, Germany :$cDe Gruyter,$d2015. 210 4$d©2015 215 $a1 online resource (566 p.) 225 1 $aDeuterocanonical and Cognate Literature,$x1614-3361 ;$vYearbook 2014/2015 300 $aDescription based upon print version of record. 311 $a3-11-037402-1 311 $a3-11-035505-1 320 $aIncludes bibliographical references and index. 327 $tFront matter --$tVorwort --$tInhalt --$tDie besondere Rede --$t(Some) Domains of Metaphor in Hellenistic Literature --$t?Das Licht Gottes? ? Metaphern in der Tobiterzählung --$tMetaphors and the Character Construction of Tobias in the Book of Tobit --$tThe Book of Judith as a Reversal of the Sexual and Marital Metaphors in Jeremiah 2:20?3:20 and Hosea 1?3 --$t?...indem er Feuer und Würmer in ihr Fleisch gibt? (Jdt 16,17) --$tArboreal Metaphors and Botanical Symbolism in the Theodotion Susanna Narrative --$tGebrauch und Funktionen der metaphorischen Rede im 1. Makkabäerbuch --$tMetaphern im 2. Makkabäerbuch --$tMetaphern bei Josephus: Soll man, kann man sie übersetzen? --$tMetaphern im Septuaginta-Psalter --$tAuferstehungsmetaphorik in der Septuaginta des Hiobbuches --$tVon der ?fremden Frau? zu ?Frau Torheit? --$tGarment Imagery in the Book of Ben Sira --$tMetaphors in 4 Maccabees --$tMetapher und Allegorie bei Philon von Alexandrien --$tAccommodating the Political: Philo?s King Metaphor --$tMetaphors in the Closing Verses of the Book of Baruch --$tLeben in Metaphern --$tCreation Encrypted: Ontology through Metaphor --$tMetaphor and the Poetics of Scriptural Rewriting in Jubilees --$tJüdische Metaphern im Thomasevangelium --$tKognitive Metapher ?Anderssein ist eine Grenze? im antiken Judentum und Urchristentum --$t?Metaphorical? Redefinition of Church Space through LXX Texts on Christian Monuments from Asia Minor --$tSome Metaphors in Early Rabbinic Liturgy --$tGlaubten antike Christenmenschen an ihre Bilder für Himmel und Hölle? --$tAutorinnen und Autoren --$tStellenregister (in Auswahl) 330 $aMetaphern stellen sprachlich einen wesentlichen Bestandteil religiöser Rede und Literatur dar und sind kulturell ein entscheidender Indikator für das Selbst- und Weltverständnis der sie gebrauchenden Träger- und Adressatenkreise. In Metaphern spiegeln sich Gottes-, Menschen- und Weltbilder. Gleichzeitig prägen Metaphern mittels ihrer je eigenen Kontexte, die sie bei der Übertragung einbringen, die Rede von Gott und vom Menschen, sie zwingen ihre Adressaten aufgrund ihrer Bildhaftigkeit und ihrer symbolimmanenten Mehrdeutigkeit zu interpretatorischer Mitarbeit, sie verändern die Wirklichkeitswahrnehmung und setzen damit auch gezielt Handlungen frei. Die in diesem Band gesammelten Aufsätze analysieren den Gebrauch, die Funktion und die Struktur von Metaphern in ausgewählten jüdischen Schriften aus hellenistisch-römischer Zeit, einschließlich der Werke Philos und der Texte aus Qumran, sowie in apokryphen frühchristlichen Texten und Inschriften. 330 $aMetaphors are a vital linguistic component of religious speech and serve as a cultural indicator of how groups understand themselves and the world. The essays compiled in this volume analyze the use, function, and structure of metaphors in Jewish writings from the Hellenistic-Roman period (including the works of Philo and the texts of Qumran), as well as in apocryphal early Christian texts and inscriptions. 410 0$aDeuterocanonical and cognate literature yearbook ;$vYearbook 2014/2015. 606 $aMetaphor in the Bible 606 $aMetaphor in literature 606 $aJewish religious literature$xHistory and criticism 606 $aChristian literature, Early$xHistory and criticism 610 $aExegesis. 610 $aJudaica. 610 $aliterary studies. 610 $atheology. 615 0$aMetaphor in the Bible. 615 0$aMetaphor in literature. 615 0$aJewish religious literature$xHistory and criticism. 615 0$aChristian literature, Early$xHistory and criticism. 676 $a229/.066 702 $aWitte$b Markus 702 $aBehnke$b Sven 801 0$bMiAaPQ 801 1$bMiAaPQ 801 2$bMiAaPQ 906 $aBOOK 912 $a9910788811903321 996 $aThe metaphorical use of language in Deuterocanonical and cognate literature$93787124 997 $aUNINA